00706nam a2200205 i 450000100060000000300090000600500170001500700030003200800410003510000180007624500680009426000840016230000280024649000470027465000310032171000300035271100530038283000440043585200210047950769ES-MaACL20250903090056.0t|030806s1946 sp ||||1| spa d1 aCuriel, Luis.10aÍndice histórico de disposiciones sociales / cLuis Curiel. aMadrid : bEscuela Social, c1946 (ePalma de Mallorca : fJuan Ordinas Rotger) aXXIX, 795 p. ; c24 cm.1 aCatálogo de disposiciones sociales ; v1 4aDerecho social-zEspaña.2 aEscuela Social de Madrid.2 aCongreso de Estudios Sociales (d1945. cMadrid)10aCatálogo de disposiciones socialesv1 aES-MaACLjC-3907